00457nam a2200085Ia 4500008004100000245001900041300024400060650001600304856005100320170517s9999 xx 000 0 und d aBirth in Nepal aNepal has some of the worst maternal death statistics in the world, with some six women dying in childbirth every day. Despite the political instability of the past ten years of civil war, the Nepalese government is introducing measures... xTechnology. uhttp://topdocumentaryfilms.com/birth-in-nepal/